000 00425nam a2200157Ia 4500
008 220204s9999 xx 000 0 und d
082 _a631/635
_bADV.79
100 _aSparks, Donald L
245 0 _aAdvances in agronomy. V.79
260 _aUSA
_bAcademic Press
_c2003
650 _aArbuscular mycorrhizal fungi
650 _aCrop management
650 _aHevea breeding
650 _aSoil quality management
942 _cBK
999 _c42153
_d42153